00864nam a22001337a 450000500170000000800410001702000150005824501050007326000330017830000220021150000230023350504420025670000320069820240724130800.0240724b ||||| |||| 00| 0 eng d a0942902247 aThe art of leadership: Managing early childhood organizationscedited by Bonnie and Roger Neugebauer aRemondbExchange pressc1998 aiv, 354 p,:c28cm aIncludes reference aContents: Leading an organization -- Developing your skills -- Advocating for children and families -- Getting organized -- Legal issues -- Structuring the organization -- Managing Money -- Raising Money -- Personal policies -- Recruiting and selecting staff -- Supervising and developing staff -- Developing your team -- Appraising staff -- Evaluating your program -- Working with parents -- Marketing your program -- Community outreach aBonnie and Roger Neugebauer